000 00342 a2200145 4500
001 76244
020 _a978-85-7951-065-6
040 _cAnchieta - Colégio São Paulo
240 1 0 _aO Brasil somos todos nós 4º ano
_lpor
245 1 0 _aO Brasil somos todos nós 4º ano
300 _a128
362 0 _a2010
650 4 _aBrasil
942 _cBK
999 _c76244
_d76244